<?xml version="1.0" encoding="UTF-8"?>
<collection xmlns="http://www.loc.gov/MARC21/slim">
 <record>
  <leader>01458nam a22002177a 4500</leader>
  <controlfield tag="001">NCT_142618</controlfield>
  <controlfield tag="008">180609b        xxu||||| |||| 00| 0 vie d</controlfield>
  <datafield tag="999" ind1=" " ind2=" ">
   <subfield code="c">7342</subfield>
   <subfield code="d">7342</subfield>
  </datafield>
  <datafield tag="020" ind1=" " ind2=" ">
   <subfield code="a">9786048018849</subfield>
   <subfield code="c">75000</subfield>
  </datafield>
  <datafield tag="082" ind1="0" ind2="4">
   <subfield code="2">23rd ed.</subfield>
   <subfield code="a">070.1</subfield>
   <subfield code="b">S464</subfield>
  </datafield>
  <datafield tag="100" ind1="1" ind2=" ">
   <subfield code="a">Dương Xuân Sơn</subfield>
  </datafield>
  <datafield tag="245" ind1="1" ind2="0">
   <subfield code="a">Các loại hình báo chí truyền thông :</subfield>
   <subfield code="b">Sách chuyên khảo</subfield>
   <subfield code="c">Dương Xuân Sơn</subfield>
  </datafield>
  <datafield tag="250" ind1=" " ind2=" ">
   <subfield code="a">Tái bản lần thứ 1</subfield>
  </datafield>
  <datafield tag="260" ind1=" " ind2=" ">
   <subfield code="a">H.</subfield>
   <subfield code="b">Thông tin và Truyền thông</subfield>
   <subfield code="c">2016</subfield>
  </datafield>
  <datafield tag="300" ind1=" " ind2=" ">
   <subfield code="a">329 tr.</subfield>
   <subfield code="b">Minh họa</subfield>
   <subfield code="c">21cm</subfield>
  </datafield>
  <datafield tag="520" ind1="3" ind2=" ">
   <subfield code="a">Cuốn sách Các Loại Hình Báo Chí Truyền Thông nằm trong hệ thống chương trình đào tạo bậc cử nhân và sau đại học về lĩnh vực báo chí truyền thông. Cuốn sách cung cấp cho người đọc những hiểu biết cơ bản, có hệ thống về khái niệm, đặc trưng, đặc điểm của truyền thông và truyền thông đại chúng hiện đại.</subfield>
  </datafield>
  <datafield tag="653" ind1=" " ind2=" ">
   <subfield code="a">Quan hệ công chúng</subfield>
  </datafield>
  <datafield tag="942" ind1=" " ind2=" ">
   <subfield code="2">ddc</subfield>
   <subfield code="c">BK</subfield>
  </datafield>
  <datafield tag="952" ind1=" " ind2=" ">
   <subfield code="0">0</subfield>
   <subfield code="1">0</subfield>
   <subfield code="2">ddc</subfield>
   <subfield code="4">0</subfield>
   <subfield code="6">070_100000000000000_S464</subfield>
   <subfield code="7">0</subfield>
   <subfield code="9">26440</subfield>
   <subfield code="a">000001</subfield>
   <subfield code="b">000001</subfield>
   <subfield code="d">2022-11-09</subfield>
   <subfield code="o">070.1 S464</subfield>
   <subfield code="p">MD.20878</subfield>
   <subfield code="r">2022-11-09</subfield>
   <subfield code="v">75000.00</subfield>
   <subfield code="w">2022-11-09</subfield>
   <subfield code="y">BK</subfield>
  </datafield>
  <datafield tag="952" ind1=" " ind2=" ">
   <subfield code="0">0</subfield>
   <subfield code="1">0</subfield>
   <subfield code="2">ddc</subfield>
   <subfield code="4">0</subfield>
   <subfield code="6">070_100000000000000_S464</subfield>
   <subfield code="7">0</subfield>
   <subfield code="9">26441</subfield>
   <subfield code="a">000001</subfield>
   <subfield code="b">000001</subfield>
   <subfield code="d">2022-11-09</subfield>
   <subfield code="o">070.1 S464</subfield>
   <subfield code="p">MD.20879</subfield>
   <subfield code="r">2022-11-09</subfield>
   <subfield code="v">75000.00</subfield>
   <subfield code="w">2022-11-09</subfield>
   <subfield code="y">BK</subfield>
  </datafield>
  <datafield tag="980" ind1=" " ind2=" ">
   <subfield code="a">Thư viện Trường Đại học Nam Cần Thơ</subfield>
  </datafield>
 </record>
</collection>
